A to Z: North America - Statistics

General Stats
  • This quiz has been taken 29 times
  • The average score is 20 of 26
Answer Stats
Letter Hint Answer % Correct
A Major historic empire in Mexico and Central America Aztec
100%
D The eastern half of Hispaniola Dominican Republic
97%
N What New Amsterdam is now known as New York
97%
O Canadian province with over 3/8 of the country’s total population Ontario
97%
U US state with the biggest Mormon population Utah
97%
H The western half of Hispaniola Haiti
93%
P US state founded by quakers Pennsylvania
93%
T Largest city in O Toronto
93%
W US state which contains most of Yellowstone Wyoming
93%
Y Major peninsula in southern Mexico Yucatan
93%
G Largest island in North America Greenland
90%
I Groups such as the Inuvialuit and Nunatsiavut in Canada and the Inupiat in Alaska Inuit
90%
J Island which served as a major pirate hub Jamaica
90%
K Largest city of the above Kingston
90%
M Largest river in the United States Missouri River
90%
R River which forms a large part of the border between the US and Mexico Rio Grande
90%
V Major city on the Canadian west coast Vancouver
90%
B Site of a failed 1961 military operation led by the US in southwestern Cuba Bay of Pigs
83%
E Large North American mammal on the flag of 3 different US states Elk
66%
F A major city in California’s San Joaquin Valley known for its grapes Fresno
66%
S Major river which connects the Great Lakes to the Atlantic Ocean, and acts as a border between N and O Saint Lawrence River
62%
L Site of one of the first battles in the American Revolution Lexington
52%
Q Sun god worshipped by A Quetzalcoatl
34%
C Largest First Nations group in Canada Cree
31%
Z One of the biggest indigenous groups in Mexico Zapotec
17%
X Mexican city known as “the Athens of Veracruz” Xalapa
10%
No matching quizzes found
Score Distribution
Percent of People with Each Score
Percentile by Number Answered
Your Score History
You have not taken this quiz